Codes for boundary-value problems in ordinary differential equations
Gardado en:
| Main Authors: | , , , , |
|---|---|
| Formato: | Libro |
| Idioma: | inglés |
| Publicado: |
Berlín
Springer-Verlag
1979
|
| Series: | Lecture Notes in Computer Sciences, 76
|
| Subjects: | |
| Tags: |
Engadir etiqueta
Sen Etiquetas, Sexa o primeiro en etiquetar este rexistro!
|
MARC
| LEADER | 00000nam a2200000 a 4500 | ||
|---|---|---|---|
| 001 | UCP0290 | ||
| 003 | CL-VaPUC | ||
| 005 | 20250221153149.0 | ||
| 008 | 990305e19790000gw 1 eng d | ||
| 082 | 0 | 4 | |a 515.35 |b CHI |2 21 |
| 100 | 1 | |a Childs, Bart |e author |9 619330 | |
| 700 | 1 | |a Scott, Melvin |e author |9 619331 | |
| 700 | 1 | |a Daniel, Jim W |e author |9 619332 | |
| 700 | 1 | |a Denman, E |e author |9 619333 | |
| 700 | 1 | |a Nelson, Paul |e author |9 619334 | |
| 245 | 1 | 0 | |a Codes for boundary-value problems in ordinary differential equations |
| 260 | |a Berlín |b Springer-Verlag |c 1979 | ||
| 300 | |a 388 p | ||
| 490 | 0 | |a Lecture Notes in Computer Sciences, 76 | |
| 583 | |a last modification |c 19990305 00:00:00 |k Rodrigo Vera | ||
| 650 | 0 | 0 | |a Ecuaciones diferenciales |9 260083 |
| 650 | 0 | 7 | |a SOLUCIONS NUMERICAS |2 CL-VaPUC |9 619335 |
| 650 | 0 | 0 | |a Proceso de datos |9 259776 |
| 650 | 0 | 0 | |a Problemas de valor de límite |9 425456 |
| 650 | 0 | 0 | |a Teoría de la codificación |9 263269 |
| 650 | 0 | 0 | |a Congresos |9 257560 |
| 942 | |c BK | ||
| 945 | |a crobeson |d 19990305 00:00:00 | ||
| 546 | |a En Inglés | ||
| 518 | |p Working Conference on Codes for Boundary-Value problems in Ordinary Differential Equation, Huston, 14 al 17 de mayo de 1978 | ||
| 999 | |c 383350 |d 383348 | ||
| 952 | |0 0 |1 0 |4 0 |6 515_350000000000000_CHI_1979 |7 0 |8 A |9 505444 |a BIBMAT |b BIBMAT |d 2020-01-23 |i 1323598 |o 515.35 CHI 1979 |p 1323598 |r 2025-01-07 |w 2020-01-23 |y BK |k MAT | ||